| 000 | 01557cam a2200349 4500 | ||
|---|---|---|---|
| 001 | 24693 | ||
| 005 | 20230410142342.0 | ||
| 008 | 060907s2000 ck spa | ||
| 020 | _a9586149102 | ||
| 035 | _9funglode24878 | ||
| 041 | _aspa | ||
| 050 | 1 | 4 |
_aBX 1470 _bL331d 2000 |
| 082 | 0 | 0 | _a261.7 |
| 100 | 1 |
_aLaRosa, Michael _q(Michael J.) |
|
| 240 | 1 | 0 |
_aCleavages of the cross. _lSpanish |
| 245 | 1 | 0 |
_aDe la derecha a la izquierda : _bla iglesia católica en la Colombia contemporánea / _cMichael J. LaRosa ; prólogo de Ana María Bidegain ; traducción de Juan Pablo Lombana. |
| 260 |
_aSantafé de Bogotá : _bPlaneta colombiana Editorial, _c2000 |
||
| 300 |
_a272p. ; _c24 cm. |
||
| 440 | 3 | _aLa línea del horizonte | |
| 500 | _aOriginally presented in English as the author's thesis (doctoral--University of Miami, 1995) under the title: Cleavages of the cross : the Catholic Church from right to left in contemporary Colombia. | ||
| 610 | 2 | 0 |
_aCatholic Church _xPolitical activity _zColombia. |
| 610 | 2 | 0 |
_aCatholic Church _zColombia _xHistory _y20th century. |
| 650 | 0 |
_aChurch and social problems _zColombia _xCatholic Church. |
|
| 650 | 0 |
_aChurch and state _zColombia _xHistory _y20th century. |
|
| 651 | 0 |
_aColombia _xPolitics and government _y20th century. |
|
| 610 | 2 | 4 |
_aIglesia Católica _zColombia. |
| 610 | 2 | 4 |
_aIglesia Católica _xActividad política _zColombia. |
| 650 | 4 |
_aIglesia y estado _zColombia _y1930-1970. |
|
| 650 | 4 |
_aIglesia y problemas sociales _zColombia. |
|
| 650 | 4 | _aGuerrillas colombianas. | |
| 942 |
_2lcc _cbk |
||
| 999 |
_c94106 _d94106 |
||